000 00382nam a2200169Ia 4500
001 16057
003 IN-NITTTR
005 20251114233151.0
008 251113s9999||||xx |||||||||||||| ||eng||
040 _beng
040 _cIN-NITTTR
041 _aeng
082 _a027.4 N42
100 _aNyren, Karl
245 0 _aNew public library buildings /
_cNyren, Karl
942 _2ddc
_cBK
999 _c18691
_d18691